000 00538nam a2200217Ia 4500
005 20241129120259.0
008 241129s9999||||xx |||||||||||||| ||und||
020 _a9789357750431
037 _aTB
040 _aSDCL
_beng
_cSDCL
041 _ahin
_2hin
084 _aW6 R3
_qSDCL
100 _aTripathi Arun Kumar
245 0 _aLoktantra ka bhavishya
260 _aDelhi
_bVani Prakashan India
_c2023
300 _a198p
365 _aINR
_b499
650 _aHindi
942 _cTB
_hW6 R3
999 _c1234140
_d1234140